Statystyki dla Państwa na Oceanie Arktycznym

Kliknij tutaj aby rozwiązać quiz!

Ogólne statystyki

  • Ten quiz został rozwiązany 27 859 razy
  • Średni wynik to 6 z 6

Statystyki odpowiedzi

Kraj% Poprawnych
Kanada
95%
Norwegia
93%
Rosja
93%
Dania (Grenlandia)
91%
Stany Zjednoczone
90%
Islandia
87%

Rozkład punktacji

Percentyl według liczby udzielonych odpowiedzi

Procent ludzi z każdym wynikiem

Twoja historia wyników

Nie rozwiązałeś tego quizu